Daddyji (Record no. 233752)

000 -LEADER
fixed length control field 00925cam a2200301 4500
001 - CONTROL NUMBER
control field 4159679
003 - CONTROL NUMBER IDENTIFIER
control field Nust
005 - DATE AND TIME OF LATEST TRANSACTION
control field 20170311112609.0
008 - FIXED-LENGTH DATA ELEMENTS--GENERAL INFORMATION
fixed length control field 720705s1972 nyuc 000 0beng
010 ## - LIBRARY OF CONGRESS CONTROL NUMBER
LC control number 78179793
020 ## - INTERNATIONAL STANDARD BOOK NUMBER
International Standard Book Number 9788174367525
040 ## - CATALOGING SOURCE
Original cataloging agency DLC
Transcribing agency DLC
Modifying agency DLC
043 ## - GEOGRAPHIC AREA CODE
Geographic area code a-ii---
050 00 - LIBRARY OF CONGRESS CALL NUMBER
Classification number DS481.M367
Item number M43
082 00 - DEWEY DECIMAL CLASSIFICATION NUMBER
Classification number 915.45
Author Mark MEH
100 1# - MAIN ENTRY--PERSONAL NAME
Personal name Mehta, Ved,
Dates associated with a name 1934-
245 10 - TITLE STATEMENT
Title Daddyji
Statement of responsibility, etc. [by] Ved Mehta.
260 ## - PUBLICATION, DISTRIBUTION, ETC.
Place of publication, distribution, etc. New York,
Name of publisher, distributor, etc. Farrar, Straus and Giroux
Date of publication, distribution, etc. 1972
300 ## - PHYSICAL DESCRIPTION
Extent 195 p.
Other physical details ports.
Dimensions 22 cm.
350 ## - PRICE (NR) (BK AM CF MU VM SE) [OBSOLETE]
Price $6.95
500 ## - GENERAL NOTE
General note Continued by: Mamaji. 1979 and Vedi. 1982.
600 10 - SUBJECT ADDED ENTRY--PERSONAL NAME
Personal name Mehta, Amolak Ram,
Dates associated with a name 1895-
650 #0 - SUBJECT ADDED ENTRY--TOPICAL TERM
Topical term or geographic name entry element Health officers
Geographic subdivision Punjab
Form subdivision Biography.
650 #0 - SUBJECT ADDED ENTRY--TOPICAL TERM
Topical term or geographic name entry element Fathers
Geographic subdivision India
Form subdivision Biography.
651 #0 - SUBJECT ADDED ENTRY--GEOGRAPHIC NAME
Geographic name India
General subdivision Social life and customs.
906 ## - LOCAL DATA ELEMENT F, LDF (RLIN)
a 7
b cbc
c orignew
d 2
e ncip
f 19
g y-gencatlg
942 ## - ADDED ENTRY ELEMENTS (KOHA)
Source of classification or shelving scheme
Koha item type Book
Holdings
Withdrawn status Lost status Source of classification or shelving scheme Damaged status Not for loan Collection code Permanent Location Current Location Shelving location Date acquired Total Checkouts Full call number Barcode Date last seen Copy number Price effective from Koha item type
            Central Library (CL) Central Library (CL) Fiction 03/11/2017   915.45 MEH CL210 03/11/2017 1 03/11/2017 Book
© 2023 Central Library, National University of Sciences and Technology. All Rights Reserved.